[Event "Cappelle op 29th"]
[Site "Cappelle la Grande"]
[Date "2013.03.02"]
[Round "9"]
[White "Noiroux, Kevin"]
[Black "Scharapov, Yvan"]
[Result "1-0"]
[WhiteElo "2203"]
[BlackElo "1803"]
[PlyCount "37"]
[EventDate "2013.02.23"]
[EventType "swiss"]
[EventRounds "9"]
[EventCountry "FRA"]
[SourceTitle "CBM 153 Extra"]
[Source "ChessBase"]
[SourceDate "2013.04.22"]
[SourceVersion "1"]
[SourceVersionDate "2013.04.22"]
[SourceQuality "1"]

1. d4 d5 2. Nf3 Nf6 3. c4 c6 4. Nc3 dxc4 5. a4 Bf5 6. Nh4 e6 7. Nxf5 exf5 8. e3 Bb4 9. Bxc4 0-0 10. 0-0 a5 11. Qc2 g6 12. f3 Re8 13. Kh1 Na6 14. Qf2 Qc7 15. e4 Qd7 16. g4 Rad8 17. e5 Qxd4 18. Qxd4 Rxd4 19. Bxa6 1-0